Jak to się nazywa po angielsku? - Statystyki

Ogólne statystyki
  • Ten quiz został rozwiązany 115 razy
  • Średni wynik to 7 z 16
Statystyki odpowiedzi
Obrazkowy Odpowiedź % Poprawnych
Moon
95%
Fox
85%
Dragon
82%
Wallet
72%
Tank
69%
Raspberry
57%
Pencil
55%
Bra
37%
Armchair
32%
Mandarin
28%
Daisy
23%
Bruise
22%
Kidney
17%
Aubergine
16%
Hexagon
15%
Moth
13%
Nie znaleziono quizów pasujących do podanych kryteriów
Rozkład punktacji
Procent ludzi z każdym wynikiem
Percentyl według liczby udzielonych odpowiedzi
Twoja historia wyników
Nie rozwiązałeś tego quizu